Nirvana Albums Tile Select - Statistics

General Stats
  • This quiz has been taken 337 times
  • The average score is 32 of 36
Answer Stats
Question Tile Select % Correct
the following songs that are on Nevermind (1991). Smells Like Teen Spirit Yes
98%
the following songs that are on Nevermind (1991). Come as You Are Yes
96%
the following songs that are on In Utero (1993). Heart-Shaped Box Yes
96%
the following songs that are on Nevermind (1991). Lithium Yes
96%
the following songs that are on MTV Unplugged in New York (1994). The Man Who Sold the World Yes
96%
the following songs that are on Nevermind (1991). Very Ape No
95%
the following songs that are on Bleach (1989). Drain You No
94%
the following songs that are on Nevermind (1991). Pennyroyal Tea No
94%
the following songs that are on Nevermind (1991). All Apologies No
93%
the following songs that are on In Utero (1993). Dumb Yes
93%
the following songs that are on Nevermind (1991). Something in the Way Yes
93%
the following songs that are on MTV Unplugged in New York (1994). Golden Years No
92%
the following songs that are on MTV Unplugged in New York (1994). Where Did You Sleep Last Night Yes
92%
the following songs that are on MTV Unplugged in New York (1994). Backwater No
91%
the following songs that are on In Utero (1993). In Bloom No
91%
the following songs that are on Bleach (1989). Love Buzz Yes
91%
the following songs that are on In Utero (1993). Stay Away No
91%
the following songs that are on Bleach (1989). Blew Yes
89%
the following songs that are on Nevermind (1991). Breed Yes
89%
the following songs that are on Bleach (1989). Floyd the Barber Yes
89%
the following songs that are on In Utero (1993). Lake of Fire No
89%
the following songs that are on In Utero (1993). Lounge Act No
89%
the following songs that are on MTV Unplugged in New York (1994). Midnight Special No
89%
the following songs that are on In Utero (1993). Scentless Apprentice Yes
89%
the following songs that are on Bleach (1989). About a Girl Yes
88%
the following songs that are on In Utero (1993). Frances Farmer Will Have Her Revenge on Seattle Yes
88%
the following songs that are on MTV Unplugged in New York (1994). Jesus Doesn't Want Me for a Sunbeam Yes
88%
the following songs that are on MTV Unplugged in New York (1994). Molly's Lips No
88%
the following songs that are on Nevermind (1991). Polly Yes
87%
the following songs that are on In Utero (1993). You Know You're Right No
87%
the following songs that are on Bleach (1989). Been a Son No
84%
the following songs that are on Bleach (1989). Sliver No
84%
the following songs that are on Bleach (1989). Paper Cuts Yes
80%
the following songs that are on MTV Unplugged in New York (1994). Plateau Yes
76%
the following songs that are on Bleach (1989). Stain No
76%
the following songs that are on MTV Unplugged in New York (1994). Oh Me Yes
74%
No matching quizzes found
Score Distribution
Percent of People with Each Score
Percentile by Number Answered
Your Score History
You have not taken this quiz